000 00356nam a22001457a 4500
008 230427b ||||| |||| 00| 0 eng d
020 _a9780723432272
041 _aeng
080 _2THIRD EDITION
_a611
082 _a611MOR
100 _a10
101 _aANATO
245 _aATLAS OF SEXUALLY TRANSMITTED DISEASES ANS AIDS
_cMORSE.A.S
942 _2udc
_cBK
999 _c59624
_d59624